Herodoti Historiarum libri IX / (Запис номер 392441)
[ съкратено ]
| 000 -Лидер | |
|---|---|
| Контролно поле с фиксирана дължина | nam a22 a 4500 |
| 001 - Контролен номер на записа | |
| Контролно поле | 6887968 |
| 003 - Код на организацията, давaща контролен номер | |
| Контролно поле | BLK |
| 005 - Дата и час на последна редакция | |
| Контролно поле | 20210212095740.0 |
| 008 - Елементи от данни с фиксирана дължина | |
| fixed length control field | 800714m18991898gw 000 0 grc |
| 010 ## - Наследен системен номер | |
| LC control number | 34018604 |
| 040 ## - Източник на каталожния запис | |
| Идентификатор на билиотеката - собственик на записа | BLK |
| Transcribing agency | ArU |
| Modifying agency | DLC |
| 041 ## - Код за език | |
| Код за езика на текст/звукозапис или на отделно заглавие | Гръцки |
| Код за езика КДБФ | Други |
| 080 ## - УДК | |
| Текстов определител УДК | История на Гърция (до 323 г. н. е.). Древна Гърция |
| УДК код - определител по УДК | 94(38) |
| УДК - код + определител | 94(38) |
| 100 ## - Редна дума - Автор | |
| Автор | Herodotus |
| R(LIN) | 1299 |
| Авторска отговорност | първи автор |
| 245 00 - Сведения за заглавието | |
| Заглавие | Herodoti Historiarum libri IX / |
| Редно поле (дума) | edidit Henr. Rudolph. Dietsch ; editio altera curavit curatamque emendavit H. Kallenberg. |
| Подзаглавни данни | Vol. 1 - |
| Том | Vol. 2 |
| 260 ## - Област на издателските данни | |
| Място на издаване, разпространение и проч. | Lipsiae |
| Име на издателя, разпространителя и проч. | Aedibus B.G.Teubneri |
| Година на издаване | 1899 |
| 9 (RLIN) | 420711 |
| 300 ## - Физическа характеристика | |
| Страници | 18 cm. |
| 380 ## - Жанр | |
| Жанр | История |
| 490 ## - СЕРИИ (Колекции) | |
| Име на серия | Bibliotheca scriptorum Graecorum et Romanorum Teubneriana |
| 9 (RLIN) | 422828 |
| 490 ## - СЕРИИ (Колекции) | |
| Име на серия | Колекция Редки и ценни издания |
| 9 (RLIN) | 435080 |
| 650 #0 - Допълнително описание по предмет – тема | |
| Основно описание – тема или топоним | Древна Гърция - история |
| 9 (RLIN) | 244549 |
| 653 #7 - Ключова дума – ненормативна | |
| 9 (RLIN) | 185519 |
| Ключова дума | Древна Гърция |
| 653 #7 - Ключова дума – ненормативна | |
| 9 (RLIN) | 187889 |
| Ключова дума | история |
| 700 ## - Други автори (авторска отговорност) | |
| Лично име | Dietsch, Rudolph |
| Автороска отговорност (Описва отношението между автора и произведението) | editor. |
| 9 (RLIN) | 436469 |
| 700 ## - Други автори (авторска отговорност) | |
| Лично име | Kallenberg, Hermann |
| 9 (RLIN) | 436470 |
| 760 ## - Описание на основната серия | |
| Място на издаване, издател и година | 1909 |
| Страници - том | 421 с. |
| Част - том | Vol. 2 |
| 852 ## - Местоположение | |
| Форматна сигнатура | Рг 899 |
| Фондова буква | Редки и ценни |
| 999 ## - СИСТЕМНИ КОНТРОЛНИ НОМЕРА | |
| Koha biblionumber | 392441 |
| Koha biblioitemnumber | 392441 |
| 942 ## - АРТИКУЛИ | |
| Вид на библиотечния материал | Книги |
| Скрит в OPAC | Не |
| Периодичен библиозапис | Да |
| 944 ## - СЪЗДАВАНЕ И РЕДАКЦИЯ на ЗАПИСА | |
| Създаване/Редакция | Създаване |
| Дата на регистрацията/редакция | 2020-12-15 |
| Служител, извършил регистрацията/редакцията | ВЙ |
| 999 ## - СИСТЕМНИ КОНТРОЛНИ НОМЕРА | |
| Koha biblioitemnumber | 392441 |
| 999 ## - СИСТЕМНИ КОНТРОЛНИ НОМЕРА | |
| Koha biblioitemnumber | 392440 |
| Код за отписване | Код за изгубен артикул | Източник на класификационната схема | Код за повреда | Коз за рестрикции | Код за отдаване | Артикулен № | Име на библиотеката - собственик | Име на библиотеката, в която се намира в момента | Статус (Текущо местоположение) | Дата на вписване в системата | Местоположение - отдел | Цена в лева | Инвентарен номер | Систематично азбучна сигнатура | Баркод | Цена в евро | Служебен тип на артикула |
|---|---|---|---|---|---|---|---|---|---|---|---|---|---|---|---|---|---|
| Не е изгубен | Universal Decimal Classification | Не е повреден | само за читалня | Специални фондове ( старопечатни, редки и ценни, фонд М. Арнаудов) | 805781 | Регионална библиотека "Любен Каравелов" Русе | Регионална библиотека "Любен Каравелов" Русе | Редки и ценни | 2020-12-15 | Редки и ценни | 0.93 | 9399/58 | Рг 899 | 900000043424 | 0.48 | Книги |